| 000 | 01008cab a2200409 4500 | ||
|---|---|---|---|
| 001 | ABS48396 | ||
| 008 | 090401t1993 xxu||||| |||| 00| 0 eng d | ||
| 035 | _a(Sirsi) u66484 | ||
| 041 | _aeng | ||
| 245 | _aEstates Times survey: M3/M27 corridor | ||
| 260 | _c1993 | ||
| 350 | _a0 | ||
| 490 |
_aEstates Times _v(1183) 2 April 1993, 11-24(14) |
||
| 650 | _aANDOVER | ||
| 650 | _aBASINGSTOKE | ||
| 650 | _aBLACKWATER VALLEY | ||
| 650 | _aBRAKNELL | ||
| 650 | _aDURNGATE DEVELOPMENTS | ||
| 650 | _aFAREHAM | ||
| 650 | _aINDUSTRIAL | ||
| 650 | _aINSTITUTIONAL INVESTORS | ||
| 650 | _aM3 | ||
| 650 | _aM4 CORRIDOR | ||
| 650 | _aMOTORWAYS | ||
| 650 | _aOFFICE | ||
| 650 | _aPENSION FUNDS | ||
| 650 | _aPLANNING POLICY | ||
| 650 | _aPORTSMOUTH | ||
| 650 | _aRETAIL | ||
| 650 | _aSOUTHAMPTON | ||
| 650 | _aSUNBURY | ||
| 650 | _aTWYFORD DOWN | ||
| 650 | _aWINCHESTER | ||
| 690 | _aPROPERTY-COMMERCIAL PROPERTY-COMMERCIAL PROPERTY MARKET | ||
| 942 | _n0 | ||
| 948 | _c04/03/1997 | ||
| 999 |
_c41536 _d41536 |
||